000 01211naa a22003017a 4500
001 BR6900680
003 BR-BrBNA
005 20240918173352.0
007 ta
008 230509b bl.||||| |||| 00| 0 por d
040 _aBR-BrBNA
_bpor
_cBiblioteca Nacional de Agricultura
041 _a(Pt)
072 _aL70; L73
_b4150
090 _aL70 BR6900680
100 1 _aCezar, M.S.
111 1 _a7. e 8. Conferencias da Sociedade de Veterinaria do Rio Grande do Sul
_cPorto Alegre, RS (Brazil)
_d22-26 Jul 1968; 21-25 Jul 1969
245 1 _aContribuicao ao estudo de adsorcao do virus aftoso pelo hidroxido de aluminio [veterinaria, doenca animal, aftosa, vacina]
260 3 _aPorto Alegre, RS (Brasil):
_c1969.
500 _aAnais da 7. e 8. Conferencias da Sociedade de Veterinaria do Rio Grande do Sul Porto Alegre, RS (Brasil): 1969. p. 25-32 (BR6900680-AM)L70
650 _aVETERINARIA
650 _aDOENCA ANIMAL
650 _aVIRUS
650 _aAFTOSA
650 _aVACINA
773 0 _tAnais da 7. e 8. Conferencias da Sociedade de Veterinaria do Rio Grande do Sul
_wL70 BR6900680
_gPorto Alegre, RS (Brasil), 1969. p. 25-32
909 _a202404
_bLucia
_c55
_dLucia Elande
942 _cAM
_2AGRIS
999 _c304226
_d304226